000 00838nam a2200253Ia 4500
003 OSt
005 20220923211513.0
006 a|||||r|||| 00| 0
007 ta
008 Pun
020 _a9789380210843 (hbk)
_c200
024 _a282,369
037 _b853, 12/08/2014, H.K. Prakashan
_cTextual
040 _aARTS
_cARTS
_bPun
041 _2Pun
_aPun
082 _aO152,1I00:g, 153Q4
100 _aਜੱਗੀ, ਗੁਰਚਰਨ ਕੌਰ, ਥਦ.
245 0 _aਸੰਤ ਕਬੀਰ
_b ਇਕ ਅਧਿਐਨ
260 _aਚੰਡੀਗੜ
_b ਗ੍ਰੇFਿਅਸ
_c2014
300 _a94ਪੰ
_ccm.
650 _aਹਿੰਦੀ ਸਾਹਿਤ
942 _hO152,1I00:g, 153Q4
_cTEXL
_2CC
999 _c300218
_d300218